| 000 | 00677nam a2200217 a 4500 | ||
|---|---|---|---|
| 001 | 000021284 | ||
| 005 | 20200930011303.0 | ||
| 008 | 100903s1986 sp r 000 f spa d | ||
| 020 | _a8485641906 | ||
| 040 |
_aDO-SdBNP _bspa _cBNPHU |
||
| 082 |
_a863.64 _bS684a |
||
| 100 | 1 |
_aSola, Emilio, _d1945- _944473 |
|
| 245 | 1 | 0 |
_aArcadio y los pastores : _b(Novela africana y pastoril) / _cEmilio Sola. |
| 260 |
_aMadrid : _aLibertarias, _c1986. |
||
| 300 |
_a224 p. ; _c20 cm. |
||
| 490 | 1 |
_aNueva narrativa española _v18 |
|
| 650 | 4 |
_aNovela española _91123 |
|
| 650 | 4 |
_aLiteratura española _ySIGLO XX _93326 |
|
| 830 | 0 |
_aNueva narrativa española ; _v18 _944474 |
|
| 049 | _aBNGR | ||
| 999 |
_c20784 _d20784 |
||